| 000 | 02169nam0a2200385 4500 | ||
|---|---|---|---|
| 001 | RU\NLR\bibl\1824734 | ||
| 005 | 20260406002004.0 | ||
| 010 |
_a978-5-7924-0909-5 _9500 |
||
| 021 |
_aRU _b2011-75274 _95349 |
||
| 035 | _a(nilc)RSL-KNO-005031527 | ||
| 035 | _a(NLR Aleph) 001815267 | ||
| 090 |
_a1928957 _c1928957 |
||
| 100 | _a20110926d2011 |||y0rusy50 ca | ||
| 101 | 0 |
_arus _deng _eeng |
|
| 102 | _aRU | ||
| 105 | _ay ||||||||| | ||
| 200 | 1 |
_aЗащита конституционного права на свободу мысли и слова в современной России _dProtection of constitutional right on freedom of idea and speech in modern Russia _fМ. А. Дубровина _gпод ред. В. Т. Кабышева _gМ-во образования и науки Российской Федерации, Гос. образовательное учреждение высш. проф. образования "Саратовская гос. акад. права" _zeng |
|
| 210 |
_aСаратов _cИзд-во ГОУ ВПО "Саратовская гос. акад. права" _d2011 |
||
| 215 |
_a242 с. _d21 |
||
| 300 | _aАвт. также на англ. яз.: M.A. Dubrovina | ||
| 300 | _aНа 4-й с. обл. авт.: Дубровина М.А. - к.ю.н., преп. | ||
| 300 | _aРез. на англ. яз. | ||
| 510 | 0 |
_6z11790 _aProtection of constitutional right on freedom of idea and speech in modern Russia _zeng |
|
| 606 | 1 |
_aСвобода слова _yРоссийская Федерация _92077687 _3RU\NLR\auth\661253369 |
|
| 686 |
_aХ620.323.13,0 _2rubbk |
||
| 686 | _aХ620.323.1 | ||
| 700 | 1 |
_4070 _8rus _7ca _aДубровина _bМ. А. _cканд. юрид. наук, конституц. право _gМарина Анатольевна _3RU\NLR\auth\77111528 _994453 |
|
| 790 | 1 |
_4070 _8rus _7ba _aDubrovina _bM. A. _cканд. юрид. наук, конституц. право _gMarina Anatol'evna _3RU\NLR\auth\77111535 _994460 |
|
| 801 | 0 |
_aRU _bRuMoRKP _c20110926 _grcr |
|
| 801 | 1 |
_aRU _bРГБ _c20110926 |
|
| 801 | 2 |
_aRU _bNLR _c20111024 _grcr |
|
| 942 | _cBOOK | ||
| 980 | _aNB | ||
| 980 | _aNBR | ||